Properties of Refrigerant and Psychrometric: Tables and Charts in S. I. Units (Record no. 10738)

000 -LEADER
fixed length control field 00514nam a2200169Ia 4500
008 - FIXED-LENGTH DATA ELEMENTS--GENERAL INFORMATION
fixed length control field 200103s9999||||xx |||||||||||||| ||und||
020 ## - INTERNATIONAL STANDARD BOOK NUMBER
International Standard Book Number 9788186270011
082 ## - DEWEY DECIMAL CLASSIFICATION NUMBER
Classification number 621.56021
Item number BAN
100 ## - MAIN ENTRY--PERSONAL NAME
Personal name Banwait, S. S.
245 #0 - TITLE STATEMENT
Title Properties of Refrigerant and Psychrometric: Tables and Charts in S. I. Units
250 ## - EDITION STATEMENT
Edition statement 24th Ed.
260 ## - PUBLICATION, DISTRIBUTION, ETC. (IMPRINT)
Name of publisher, distributor, etc Birla Publications
Date of publication, distribution, etc 2018
Place of publication, distribution, etc Delhi
300 ## - PHYSICAL DESCRIPTION
Extent 64p.
650 ## - SUBJECT ADDED ENTRY--TOPICAL TERM
Topical term or geographic name as entry element Refrigerants--Thermal properties
650 ## - SUBJECT ADDED ENTRY--TOPICAL TERM
Topical term or geographic name as entry element Refrigeration and refrigerating machinery
942 ## - ADDED ENTRY ELEMENTS (KOHA)
Item type Books
Holdings
Withdrawn status Lost status Source of classification or shelving scheme Damaged status Not for loan Collection code Permanent location Current location Shelving location Date acquired Total Checkouts Full call number Barcode Date last seen Date last borrowed Koha item type
          Non-fiction IMU-MPC Library IMU-MPC Library General Stacks 2020-01-08 1 621.56021 BAN MPCBB107 2025-03-17 2024-04-04 Book Bank
          Non-fiction IMU-MPC Library IMU-MPC Library General Stacks 2020-01-08 1 621.56021 BAN MPCBB108 2025-03-17 2024-04-04 Book Bank
Copyright © 2021 Indian Maritime University, Mumbai Port Campus. All Rights Reserved. Managed & Maintained by Central Library, IMU-Mumbai

webs counters

Powered by Koha